000 01940nam0a2200361 4500
001 RU\NLR\bibl\259163
005 20240725222701.0
020 _aRU
_b01-05225
_9Летопись авторефератов диссертаций
021 _aRU
_b00-9588а
_900-384А
035 _a(NLR Aleph) 000254886
090 _a1487938
_c1487938
100 _a20011123d2000 u u0rusy50 ca
101 0 _arus
102 _aRU
105 _aa dm |||||
200 1 _aТерритория муниципального образования как модельный объект локального экологически сбалансированного развития
_e(На прим. Прон. р-на Ряз. обл.)
_eАвтореф. дис. на соиск. учен. степ. к.г.н.
_eСпец. 11.00.11
_fЮхина Ирина Николаевна
_gМ-во общ. и проф. образования РФ, Моск. пед. ун-т
210 _aМ.
_d2000
215 _a24 с.
_cил.
_d21
320 _aБиблиогр.: с. 24 (6 назв.)
610 0 _aГеографические науки
610 0 _aРязанская обл., геогр. науки
675 _a911.3(470.313)
_v3
_zrus
686 _a39.19
_2rugasnti
686 _a11.00.11
_2oksvnk
700 1 _aЮхина
_bИ. Н.
_gИрина Николаевна
801 0 _aRU
_bRKP
_c20011123
_gPSBO
801 1 _aRU
_bRKP
_c20011123
801 2 _aRU
_bNLR
_c20020620
_grcr
852 _aNLR
_jА2000/9588
901 _eАвторефераты
942 _cBOOK
981 1 0 _a(10) Авторефераты
_b(10) 11.00.00 Географические науки
_b11.00.11 Охрана окружающей среды и рациональное использование природных ресурсов
_b25.00.00 Науки о Земле